Normal view
MARC view
Entry Topical Term
001 - CONTROL NUMBER
- control field: 15643
003 - CONTROL NUMBER IDENTIFIER
- control field: HDC
005 - DATE AND TIME OF LATEST TRANSACTION
- control field: 20230624073449.0
008 - FIXED-LENGTH DATA ELEMENTS
- fixed length control field: 210218|| aca||aabn | a|a d
040 ## - CATALOGING SOURCE
- Original cataloging agency: HDC
- Transcribing agency: HDC
150 ## - HEADING--TOPICAL TERM
- General subdivision: Syariah-Complaint Automated Chicken Processing System (SYCUT)
670 ## - SOURCE DATA FOUND
- Source citation: Work cat.: (HDC): SYED MOHD RIDZUWAN SYED ISMAIL / author 15642, UTM bangunkan sistem sembelih halal automatic /
